Egypte-France : Exposition française au Caire.

Saved in:

Format: Book

Language: French

Subjects:

Tags: Add Tag

No Tags, Be the first to tag this record!

Call Number: DT46 .C25 1929

LEADER 00614namaa2200205 4500
001 18906
003 OSt
005 20260318121853.0
008 130303s1929 xx a c 000 0 fre d
040 |c ARCE Library 
043 |a f-ua---  |a e-fr --- 
050 4 |a DT46 .C25 1929 
245 0 0 |a Egypte-France :  |b Exposition française au Caire. 
264 1 |a [Place of publication not identified] :   |b [publisher not identified],   |c 1929. 
300 |a 183, xcix pages :   |b illustrations ;   |c 29 cm. 
650 0 |a French  |z Egypt  |v Exhibitions. 
651 0 |a Egypt  |v Exhibitions. 
901 |a reviewed 
942 |c BK  |2 lcc 
999 |c 15963  |d 15963